| 000 | 00719nam a22001937a 4500 | ||
|---|---|---|---|
| 005 | 20241115180145.0 | ||
| 008 | 231211b ||||| |||| 00| 0 eng d | ||
| 020 | _a9786214271382 | ||
| 082 | _aDFil 331.8 Se683 2023 | ||
| 100 |
_aCamilar-Serrano, Angelita Ong. _950451 |
||
| 245 |
_aLabor relations management and negotiations / _cAngelita Ong Camilar-Serrano and Rodolfo Lapaz Ducut. |
||
| 250 | _aSecond edition. | ||
| 260 |
_aManila : _bUnlimited books library services and publishing Inc., _c©2023. |
||
| 300 |
_axiv, 464 pages : _billustrations ; _c25 cm. |
||
| 500 | _aIncludes bibliography. | ||
| 650 |
_aLabor _xManagement. _917139 |
||
| 700 |
_aDucut, Rodolfo Lapaz. _eauthor. _930875 |
||
| 942 |
_2ddc _cDFIL |
||
| 999 |
_c18595 _d18595 |
||